000 00335 a2200109 4500
001 ART_30885
005 20260410162004.0
008 260409a
245 1 0 _aSeis tesis no convencionales sobre participación
100 1 _aKliksberg, Bernardo
773 0 _tInstituciones y desarrollo
_g- Nº 2 (dic. 1998)
_wREV30868
999 _c31570
_d31570